000 01062nam a2200325 i 4500
001 000018800
003 DO-SdBNP
005 20250617133344.0
007 ta
008 100519s2010 dr 000 0 spa d
020 _a9789945163414
040 _aDO-SdBNP
_bspa
_cBNPHU
_erda
041 _aspa
082 4 _a332.4
_bS715a
_222
100 1 _aSosa, José Rafael,
_d1950-
_940541
245 1 0 _a¿Así que no sabes usar la prensa? /
_cJosé Rafael Sosa ; prólogo Quiterio Cedeño.
250 _aSegunda edición
264 _aSanto Domingo :
_bEditora Búho,
_c2010.
300 _a123 páginas ;
_c23 cm.
336 _atexto
_btxt
_2rdacontent
337 _asin mediación
_bn
_2rdamedia
338 _avolumen
_bnc
_2rdacarrier
500 _aIncluye datos biográficos del autor en la solapa de la cubierta
500 _aIncluye notas al pie de las páginas
500 _aEdición ampliada 2010
650 4 _aMedios de comunicacin
_940542
650 4 _aPrensa
_93292
700 1 _aCedeño, Quiterio,
_eprologuista
_940543
_4pr.
942 _2ddc
_cLBS1
999 _c18320
_d18320